| Tag |
First Indicator |
Second Indicator |
Subfields |
| LEADER |
00000cjm a2200000Ia 4500 |
| 001 |
in00002531813 |
| 005 |
20151113125923.0 |
| 007 |
sd fungnnmmnee |
| 008 |
990825s1999 nyuzzn zxx d |
| 028 |
0 |
2 |
|a 2955 MCD
|b Mark
|
| 035 |
|
|
|a (OCoLC)ocm42243214
|
| 035 |
|
|
|a (OCoLC)42243214
|
| 040 |
|
|
|a TXH
|c TXH
|d TXA
|d UtOrBLW
|
| 048 |
|
|
|a od
|
| 049 |
|
|
|a TXAM
|
| 090 |
|
|
|a M1200.T49
|b T495 1999
|
| 110 |
2 |
|
|a Texas A & M University.
|b Symphonic Band,
|e performer.
|
| 245 |
1 |
0 |
|a Texas Music Educators Association, 1999.
|
| 264 |
|
1 |
|a Clarence, NY :
|b Mark Custom Recording Service,
|c [1999]
|
| 300 |
|
|
|a 1 sound disc :
|b digital ;
|c 4 3/4 in.
|
| 306 |
|
|
|a 000732
|a 000624
|a 000649
|a 000618
|a 000525
|a 000209
|a 000444
|
| 336 |
|
|
|a performed music
|b prm
|2 rdacontent
|
| 337 |
|
|
|a audio
|b s
|2 rdamedia
|
| 338 |
|
|
|a audio disc
|b sd
|2 rdacarrier
|
| 500 |
|
|
|a Compact disc.
|
| 511 |
0 |
|
|a Texas A & M University Symphonic Band ; Timothy B. Rhea, conductor ; Ray E. Toler, conductor (3rd selection) ; Robert N. Daniel, tuba (4th selection) ; brass members of the University Concert Band & Fightin' Texas Aggie Band (7th selection).
|
| 505 |
0 |
|
|a La forza del destino : overture (1862) / Giuseppe Verdi ; trans., Lake-Kent (7:32) -- Der Traum des Oenghus, Teil 1 (1993/94) / Rolf Rudin (6:24) -- Symphonic dance no. 3, "Fiesta" (1965) / J. Clifton Williams (6:49) -- Tuba concerto (1984). 1. Allegro deciso / Edward Gregson (6:18) -- Desi (1991) / Michael Daugherty (5:25) -- The melody shop : march (1910) / Karl L. King (2:09) -- Pictures at an exhibition (1874). No. 10. The great gate of Kiev / Modest Mussorgsky ; wind orchestration by John Boyd (4:44).
|
| 500 |
|
|
|a Sound recording.
|
| 650 |
|
0 |
|a Band music.
|
| 650 |
|
0 |
|a Band music, Arranged.
|
| 700 |
1 |
|
|a Daniel, Robert N.,
|e performer.
|
| 700 |
1 |
|
|a Rhea, Timothy B.,
|e conductor.
|
| 700 |
1 |
|
|a Toler, Ray E.,
|e conductor.
|
| 710 |
2 |
|
|a Texas Music Educators Association.
|
| 948 |
|
|
|a cataloged
|b h
|c 2009/12/15
|d c
|e bhartsfi
|f 3:42:58 pm
|
| 994 |
|
|
|a C0
|b TXA
|
| 999 |
|
|
|a MARS
|
| 999 |
f |
f |
|s b5991763-20ed-33b9-81a3-ee4010f26e33
|i 8a2babb3-1c30-34c6-acb4-53d25af0e586
|t 0
|
| 952 |
f |
f |
|p ric
|a Texas A&M University
|b Rellis Campus
|c Joint Library Facility
|d Remote Storage
|t 0
|e M1200.T49 T495 1999
|h Library of Congress classification
|i audio -- audio disc
|m A14838025617
|
| 998 |
f |
f |
|a M1200.T49 T495 1999
|t 0
|l Remote Storage
|